Los papiros griegos de la cueva 7 de Qumran

Tallennettuna:
Bibliografiset tiedot
Päätekijä: O'Callaghan, José (autor)
Aineistotyyppi: Kirja
Kieli:espanja
Julkaistu: Madrid Biblioteca de Autores Cristianos 1974
Sarja:Biblioteca de Autores Cristianos
Aiheet:
Tagit: Lisää tagi
Ei tageja, Lisää ensimmäinen tagi!

MARC

LEADER 00000nam a2200000 a 4500
001 UCL5396
003 CL-VaPUC
008 040312e19740000SP |||||||||||||||||spa|d
020 |a 8422006685 
082 0 4 |a 296.155  |b OCA  |2 21 
100 |a O'Callaghan, José  |e autor  |9 487570 
245 1 4 |a Los papiros griegos de la cueva 7 de Qumran 
300 |a 99 p 
942 |c BK 
945 |d 20040312 00:00:00  |a vberengu 
260 |a Madrid  |b Biblioteca de Autores Cristianos  |c 1974 
650 0 |a Manuscritos del Mar Muerto  |9 315866 
650 0 |a Literatura de Qumrán  |9 483144 
583 |a last modification  |c 20040312 00:00:00  |k Rodrigo Vera 
490 0 |a Biblioteca de Autores Cristianos 
999 |c 308003  |d 308001 
952 |0 0  |1 0  |4 0  |6 296_155000000000000_OCA_1974  |7 0  |8 A  |9 374206  |a BIBTEO  |b BIBTEO  |d 2019-11-21  |i 210539K  |o 296.155 OCA 1974  |p 210539K  |r 2025-01-17  |w 2019-11-21  |y BK  |k ICR 
952 |0 0  |1 0  |4 0  |6 296_155000000000000_OCA_1974  |7 0  |8 A  |9 374207  |a BIBTEO  |b BIBTEO  |d 2019-11-21  |i 2105578  |o 296.155 OCA 1974  |p 2105578  |r 2025-01-17  |w 2019-11-21  |y BK  |k ICR